00470nam a2200157Ia 4500008004100000020001100041040001900052041001200071082002900083100002700112245006900139260003600208300002600244650002000270850002200290131103s9999 xx 000 0 und d cRs.100 aLoreto College aEnglish a370.954/BANbLCLIB/38860 aBanerjee,J yoti Prasad aEducation in Indiab Past present future cJyoti Prasad Banerjee aCalcuttabCentral Libraryc1994 a576 p.b ill.c 22cm. aEducation-India aLCLIB/370.954/BAN